000 00617nam a2200217 a 4500
001 BRCA_2326
005 20190320203748.0
008 890306s1990 nyua---##b---#001-0#eng-#
020 _a0714826251
040 _aDLC
_cDLC
_dDLC
050 4 _aN6868.5.E9
_b.R68 1990
100 1 _aRowland, Anna
_96994
245 1 0 _aBauhaus Source Book
_cAnna Rowland.
260 _aOxford
_bPhaidon
_cc1990
300 _a179 p.
_bil. (algunas a color)
_c26 cm.
500 _aIncluye índice de ilustraciones
504 _aBibliografía: p. 172
610 2 4 _aBauhaus
_96995
650 1 4 _aArte alemán
_ySiglo XX
_96996
942 _2lcc
_cB
999 _c2071
_d2071